| 000 | 00419nam a2200181Ia 4500 | ||
|---|---|---|---|
| 001 | 2075 | ||
| 005 | 20260306143815.0 | ||
| 008 | 260306t2020||||xx |||||||||||||| ||spa|| | ||
| 041 | _aESP | ||
| 082 |
_a612.64 _bM566 |
||
| 100 |
_aMoore, Keith L., _eAUT |
||
| 245 | 0 | _aEmbriología clínica | |
| 260 | _c2020 | ||
| 300 |
_axii, 503 páginas : _c27 cm. |
||
| 650 | _aGEN | ||
| 654 | _aCCS | ||
| 942 |
_cLIB _dJUS _fJUS _2ddc _n |
||
| 999 |
_c2075 _d2075 |
||